Loading...
| Literature - European | 0 | 5 | 1 | 0 | 45 | 45 | 81.20 | 0 | 0 | 15.85 | 26.26 |
| Literature - British | 0 | 5 | 1 | 0 | 45 | 38 | 71.20 | 0 | 2 | 21.10 | 31.48 |
| Literature - American | 0 | 4 | 1 | 0 | 35 | 40 | 84.75 | 1 | 1 | 12.72 | 21.11 |
| Fine Arts - Classical Music | 0 | 4 | 1 | 0 | 35 | 93 | 105.00 | 0 | 0 | 5.57 | 20.00 |
| Fine Arts - Other | 0 | 3 | 1 | 0 | 25 | 58 | 82.67 | 0 | 1 | 10.21 | 14.26 |
| Current Events | 0 | 2 | 0 | 1 | 20 | 79 | 95.50 | 0 | 0 | 6.71 | 14.58 |
| History - World | 0 | 2 | 0 | 0 | 20 | 65 | 67.00 | 0 | 0 | 8.11 | 12.04 |
| Literature - World | 0 | 2 | 0 | 0 | 20 | 67 | 84.00 | 0 | 0 | 5.67 | 11.67 |
| Religion | 0 | 2 | 0 | 2 | 20 | 97 | 105.50 | 0 | 0 | 0.00 | 2.78 |
| Fine Arts - Painting and Sculpture | 0 | 2 | 1 | 1 | 15 | 50 | 74.00 | 0 | 1 | 6.52 | 10.37 |
| History - European | 0 | 2 | 1 | 0 | 15 | 42 | 57.50 | 0 | 0 | 10.03 | 11.11 |
| Geography | 0 | 1 | 0 | 0 | 10 | 75 | 75.00 | 0 | 0 | 5.98 | 6.67 |
| Social Science | 0 | 1 | 0 | 0 | 10 | 69 | 69.00 | 0 | 0 | 6.12 | 9.72 |
| Science - Chemistry | 0 | 1 | 0 | 0 | 10 | 113 | 113.00 | 0 | 0 | 1.53 | 8.33 |
| Science - Other | 0 | 1 | 1 | 0 | 5 | 41 | 41.00 | 0 | 0 | 6.46 | 7.07 |
| Philosophy | 0 | 1 | 1 | 0 | 5 | 51 | 51.00 | 0 | 0 | 8.25 | 5.56 |
| Popular Culture | 0 | 1 | 1 | 0 | 5 | 73 | 73.00 | 0 | 0 | 5.61 | 9.72 |
| Mythology | 0 | 1 | 2 | 0 | 0 | 63 | 63.00 | 0 | 0 | 5.33 | 4.63 |
| History - American | 0 | 1 | 2 | 0 | 0 | 89 | 89.00 | 0 | 0 | 2.94 | 2.78 |
| Science - Biology | 0 | 0 | 1 | 0 | -5 | 0.00 | 0 | 0 | 0.00 | 0.00 | |
| Science - Physics | 0 | 0 | 1 | 0 | -5 | 0.00 | 0 | 0 | 0.00 | 0.00 | |
| History - Other | 0 | 0 | 1 | 0 | -5 | 0.00 | 0 | 0 | 0.00 | 0.00 |